000 00328nam a2200145Ia 4500
005 20251222143155.0
008 251222s9999||||xx |||||||||||||| ||spa||
020 _a8420601977
082 _a861/F81
100 _aFray de León, Luis
245 0 _aFray Luis de León:
250 _a1ra.ed.
264 _bAlianza
942 _cLIB
999 _c12831
_d12831